000 00788nam a22002297a 4500
005 20240530110946.0
008 171216s2007 ua ao g b 000 0 ara d
020 _a9774084608
040 _aEG-CaGPL
_cEG-CaGPL
082 0 4 _221
_a923.1 \
_bع ص
100 0 _aعبود مصطفى عبود
245 1 0 _aصدام حسين /
_cعبود مصطفى عبود
260 _aالقاهرة :
_bدار الفاروق للاستثمارات الثقافية،
_c2007
300 _a189ص؛
_c24 سم.
650 0 7 _2qrmak
_aالرجال
_xتراجم
650 0 7 _2qrmak
_aصدام حسين
650 0 7 _2qrmak
_aالعراق
_xتاريخ
650 0 7 _2qrmak
_aالغزو الامريكى للعراق
651 _2qrmak
942 _2ddc
_cBK
999 _c66913
_d66913